| 000 | 02084cam a2200361 i 4500 | ||
|---|---|---|---|
| 003 | PE-LiUPU | ||
| 005 | 20260212154724.0 | ||
| 008 | 2505 s2025 pe a b 000 0 spa d | ||
| 020 | _a9788409728381 | ||
| 035 | _aPE-LiUPU00087 | ||
| 040 |
_aPE-LiUPU _bspa _cPE-LiUPU _erda |
||
| 082 | 0 | 4 |
_a658.15 _bV712e _223 |
| 090 |
_a658.15 _bV712e |
||
| 100 | 1 |
_aVillajuana, Carlos, _eautor. _98014 |
|
| 245 | 1 | 0 |
_aEstudio singular de las razones financieras / _cCarlos Villajuana. |
| 250 | _aPrimera edición. | ||
| 264 | 1 |
_aLima : _bVillajuana Consultores S.A.C. ; _aMadrid : _bITAE Business School, Fondo Editorial ITAE, _c2025. |
|
| 300 |
_a198 páginas : _bilustraciones ; _c24 cm. |
||
| 336 |
_atext _2rdacontent |
||
| 337 |
_aunmediated _2rdamedia |
||
| 338 |
_avolume _2rdacarrier |
||
| 500 | _aIncluye glosario y bibliografía. | ||
| 505 | _aEstudio y decisiones sobre la liquidez -- Estudio y decisiones sobre solvencia -- Estudio y decisiones sobre las razones financieras de gestión --Estudio y decisiones sobre el flujo monetario -- Estudio y decisiones sobre los indicadores de rentabilidad -- Estudio y decisiones sobre los indicadores de rentabilidad -- Estudio y decisiones desde una perspectiva global. | ||
| 520 | _aObra especializada en análisis financiero que desarrolla el estudio e interpretación de las principales razones financieras: liquidez, solvencia, gestión, flujo monetario y rentabilidad. Presenta criterios para la toma de decisiones empresariales desde una perspectiva integral, incluyendo análisis de apalancamiento, ciclo de caja, indicadores de rentabilidad y evaluación global de ratios financieros. | ||
| 650 | 1 | 4 | _aAnálisis financiero. |
| 650 | 2 | 4 | _aRazones financieras. |
| 650 | 2 | 4 |
_aEstados financieros. _91111 |
| 650 | 2 | 4 |
_aGestión financiera. _94729 |
| 710 |
_aVillajuana Consultores S.A.C., _eeditor. _98015 |
||
| 710 |
_aITAE Business School. _eFondo Editorial ITAE, editor. _bFondo Editorial ITAE, _98016 |
||
| 942 |
_2ddc _cBK |
||
| 980 |
_618228 _aRebeca Esther Huerta Leyton _818226 _gJaime Vilcazán Jefe de Análisis Documental |
||
| 999 |
_c63262 _d63261 |
||